| 000 | 00456nam a2200181Ia 4500 | ||
|---|---|---|---|
| 003 | GCL | ||
| 008 | 140319s9999 xx 000 0 eng d | ||
| 040 |
_aGCL / _cGCL |
||
| 082 | 0 | 4 |
_a709 _bC C |
| 100 | 1 | _aCHAPON, DOMINIQUE | |
| 245 | 1 | 0 |
_aCHRONOLOGIE D'HISTOIRE DE L'ART / _cCHAPON, DOMINIQUE |
| 260 |
_a[S.N] : _bLAROUSSE ، _c1997 |
||
| 300 | _a72 P | ||
| 650 | 0 | 4 | _aARTS - DICTIONARY |
| 650 | 0 | 4 | _aARTS |
| 650 | 0 | 4 | _aARTS, HISTORY |
| 942 |
_2ddc _cBK |
||
| 999 |
_c16312 _d16312 |
||